| 000 | 00527nam a2200181Ia 4500 | ||
|---|---|---|---|
| 001 | 21361 | ||
| 005 | 20260306172913.0 | ||
| 008 | 260306t2015||||xx |||||||||||||| ||spa|| | ||
| 041 | _aESP | ||
| 082 |
_a344.529 _bF74 |
||
| 100 |
_aFonseca Vivas, Álvaro _eAUT |
||
| 245 | 0 |
_aAuditoría forense: _baplicada al campo administrativo y financiero, medio ambiente, cultural, social, política y tecnología |
|
| 260 | _c2015 | ||
| 300 |
_a286 páginas : _c24 cm. |
||
| 650 | _aGEN | ||
| 654 | _aCDE | ||
| 942 |
_cLIB _dJUS _fJUS _2ddc _n |
||
| 999 |
_c21361 _d21361 |
||